01865nam a2200289 a 4500008004100000020001800041050001500059100002300074245008500097250002000182260004200202300002300244650003200267650002300299650002100322650001400343700002200357995015400379995015400533995015400687995015400841999001700995952013401012952013401146952014601280952014901426210503s2016 ||||||||||||||||| || u a9780198748816 aKD 130 Osu aHilliard, Jonathan14aThe law of contract (Seventh edition)cBy Janet O'Sullivan and Jonathan Hilliard aSeventh edition aOxfordbOxford University Pressc2016 axxxviii, 503 pages aCONTRACT LAW--GREAT BRITAIN aCONTRACTS--ENGLAND aCONTRACTS--WALES aCONTRACTS aO'Sullivan, Janet aMAIN LIBRARY OPEN ACCESSD46.38e751004FCBU-MAIN LIBRARY (Kitwe)jKD 130 OsuM4UAVAILABLEWMay 3, 2021y751004ZMain Library Open Access Collection aMAIN LIBRARY OPEN ACCESSD46.38e751001FCBU-MAIN LIBRARY (Kitwe)jKD 130 OsuM1UAVAILABLEWMay 3, 2021y751001ZMain Library Open Access Collection aMAIN LIBRARY OPEN ACCESSD46.38e751002FCBU-MAIN LIBRARY (Kitwe)jKD 130 OsuM2UAVAILABLEWMay 3, 2021y751002ZMain Library Open Access Collection aMAIN LIBRARY OPEN ACCESSD46.38e751003FCBU-MAIN LIBRARY (Kitwe)jKD 130 OsuM3UAVAILABLEWMay 3, 2021y751003ZMain Library Open Access Collection c80636d80636 00102lcc4070a001b001cMain Library Open Access Collectiond2023-06-30l0oKD 130 Osup751004r2023-06-30t1w2023-06-30y002 00102lcc4070a001b001cMain Library Open Access Collectiond2023-06-30l0oKD 130 Osup751001r2023-06-30t2w2023-06-30y002 00102lcc4070a001b001cMain Library Open Access Collectiond2023-06-30l1oKD 130 Osup751002r2024-08-07s2024-07-24t3w2023-06-30y002 00102lcc4070a001b001cMain Library Open Access Collectiond2023-06-30l2m1oKD 130 Osup751003r2025-03-10s2025-02-19t4w2023-06-30y002